Logistika ako tvorca pridanej hodnoty vo vybranom regióne

Analýza okresu Rožňava ako modelového príkladu na poukázanie logistiky ako pridanej hodnoty pre región. Charakteristika okresu a jeho pozícia v rámci Slovenska.

Enregistré dans:
Détails bibliographiques
Auteur principal: Hroncová, Simona
Autres auteurs: Rehák, Róbert, 1984-
Format: Chapitre de livre
Langue:slovaque
Sujets:
Tags: Ajouter un tag
Pas de tags, Soyez le premier à ajouter un tag!

MARC

LEADER 00000nla a2200000 4500
001 0180264
005 20240729072837.9
041 0 |a slo 
044 |a SK 
245 1 0 |a Logistika ako tvorca pridanej hodnoty vo vybranom regióne  |c Simona Hroncová, Róbert Rehák 
520 |a Analýza okresu Rožňava ako modelového príkladu na poukázanie logistiky ako pridanej hodnoty pre región. Charakteristika okresu a jeho pozícia v rámci Slovenska. 
610 2 0 |a doprava 
610 2 0 |a logistika 
610 2 0 |a infraštruktúra dopravná 
610 2 0 |a infraštruktúra sociálna 
610 2 0 |a logistika integrovaná 
610 2 0 |a regióny 
610 2 0 |a Slovensko 
100 1 |a Hroncová, Simona 
700 1 |a Rehák, Róbert, 1984-